Emotional burnout in professional activity of a technical university teacher; Ponte; Vol. 72, iss. 6

Podrobná bibliografie
Parent link:Ponte
Vol. 72, iss. 6.— 2016.— [4 p.]
Korporativní autor: Национальный исследовательский Томский политехнический университет Физико-технический институт Кафедра иностранных языков физико-технического института
Další autoři: Kuimova M. V. Marina Valerievna, Uzunboylu H., Chen A. S. M., Gerasimchuk E. V. Ekaterina Vyacheslavovna
Shrnutí:Title screen
Higher education makes high demands on a teacher, his knowledge, pedagogical skills and personal features to ensure that he meets the demands of students and the requirements of employers. Teachers are under constant pressure to innovate, to update their knowledge in their field, and to improve students’ test scores. Teacher frustration and emotional burnout may be caused by too high a workload, a lack of appreciation for their efforts, and ineffective management. The authors studied the phenomenon and causes of emotional burnout. They researched the burnout syndrome among university teachers with over 20 years of teaching experience, by using a short questionnaire. And they provide recommendations for further studies.
Jazyk:angličtina
Vydáno: 2016
Témata:
On-line přístup:http://earchive.tpu.ru/handle/11683/37422
http://dx.doi.org/10.21506/j.ponte.2016.6.5
Médium: MixedMaterials Elektronický zdroj Kapitola
KOHA link:https://koha.lib.tpu.ru/cgi-bin/koha/opac-detail.pl?biblionumber=649381

MARC

LEADER 00000naa0a2200000 4500
001 649381
005 20250304160720.0
035 |a (RuTPU)RU\TPU\network\14543 
035 |a RU\TPU\network\14216 
090 |a 649381 
100 |a 20160707d2016 k||y0rusy50 ba 
101 0 |a eng 
102 |a IT 
135 |a drcn ---uucaa 
181 0 |a i  
182 0 |a b 
200 1 |a Emotional burnout in professional activity of a technical university teacher  |f M. V. Kuimova [et al.] 
203 |a Text  |c electronic 
300 |a Title screen 
330 |a Higher education makes high demands on a teacher, his knowledge, pedagogical skills and personal features to ensure that he meets the demands of students and the requirements of employers. Teachers are under constant pressure to innovate, to update their knowledge in their field, and to improve students’ test scores. Teacher frustration and emotional burnout may be caused by too high a workload, a lack of appreciation for their efforts, and ineffective management. The authors studied the phenomenon and causes of emotional burnout. They researched the burnout syndrome among university teachers with over 20 years of teaching experience, by using a short questionnaire. And they provide recommendations for further studies. 
461 |t Ponte 
463 |t Vol. 72, iss. 6  |v [4 p.]  |d 2016 
610 1 |a электронный ресурс 
610 1 |a труды учёных ТПУ 
701 1 |a Kuimova  |b M. V.  |c linguist  |c Head of the Department of Tomsk Polytechnic University, Candidate of pedagogical sciences  |f 1976-  |g Marina Valerievna  |3 (RuTPU)RU\TPU\pers\32753  |9 16631 
701 1 |a Uzunboylu  |b H. 
701 1 |a Chen  |b A. S. M. 
701 1 |a Gerasimchuk  |b E. V.  |g Ekaterina Vyacheslavovna 
712 0 2 |a Национальный исследовательский Томский политехнический университет  |b Физико-технический институт  |b Кафедра иностранных языков физико-технического института  |3 (RuTPU)RU\TPU\col\18736  |9 27185 
801 2 |a RU  |b 63413507  |c 20170315  |g RCR 
856 4 |u http://earchive.tpu.ru/handle/11683/37422 
856 4 |u http://dx.doi.org/10.21506/j.ponte.2016.6.5 
942 |c CF